000 00497nam a2200181Ia 4500
005 20240823060102.0
008 240823s9999||||xx |||||||||||||| ||und||
041 _aENGLISH
082 _A530 Q8
100 _aAircraft Technical Institute
245 0 _aPhysics : Aviation Maintenance Technician Certification Series (Module 02)
250 _a1st
260 _c2018
_bAircraft Technical Book Co
500 _aTRANSFERED
650 _aPhysics in Aviation
_bAME
942 _cBK
999 _c230300
_d230300